[Event "fast and furious"]
[Site "SchemingMind.com"]
[Date "2009.01.29"]
[Round "-"]
[White "TONYTODD11"]
[Black "klagefall"]
[Result "0-1"]
[WhiteCountry "ENG"]
[BlackCountry "GER"]
[WhiteElo "1554"]
[WhiteRD "73"]
[BlackElo "1953"]
[BlackRD "73"]
[GameID "189658"]

1. d4 d5 2. Nf3 Nf6 3. e3 e6 4. Nc3 c5 5. Bd3 Nc6 6. O-O Be7 7. Bb5 O-O 8. Bxc6 bxc6 9. Ne5 Qc7 10. Re1 a5
11. e4 cxd4 12. Qxd4 c5 13. Qd3 Qxe5 14. Bd2 Qd4 15. Be3 Qxd3 16. cxd3 d4 17. e5 Nd7 18. Bd2 dxc3 19. Bxc3 Ba6 20. Rad1 a4
21. f4 Nb6 22. Re3 Nd5 23. Rf3 Nxc3 24. bxc3 Rab8 25. f5 Rb2 26. a3 Rfb8 27. Rf4 Rb1 28. Rxb1 Rxb1+ 29. Kf2 Bb5 30. Kg3 exf5
31. Rxf5 g6 32. Rf4 Rb3 33. d4 Rxc3+ 34. Kg4 Bd7+
0-1

[Event "fast and furious"]
[Site "SchemingMind.com"]
[Date "2009.01.30"]
[Round "-"]
[White "Gary"]
[Black "TONYTODD11"]
[Result "0-1"]
[WhiteCountry "ENG"]
[BlackCountry "ENG"]
[WhiteElo "1412"]
[WhiteRD "58"]
[BlackElo "1576"]
[BlackRD "71"]
[GameID "189659"]

1. e4 e5 2. Nf3 Nc6 3. Bb5 Nf6 4. O-O Nxe4 5. Re1 d5 6. d4 Qf6 7. dxe5 Qg6 8. Qxd5 Bh3 9. g3 Nc5 10. Ng5 Be6
11. Bxc6+ Nd7 12. Nxe6 Qxe6 13. Bxb7 Rd8 14. Nc3 Be7
0-1

[Event "fast and furious"]
[Site "SchemingMind.com"]
[Date "2009.01.30"]
[Round "-"]
[White "lacus66"]
[Black "TONYTODD11"]
[Result "0-1"]
[WhiteCountry "HUN"]
[BlackCountry "ENG"]
[WhiteElo "1597"]
[WhiteRD "67"]
[BlackElo "1554"]
[BlackRD "73"]
[GameID "189661"]

1. d4 d5 2. e4 dxe4 3. Nc3 Nf6 4. f3 Bf5 5. Bg5 Nc6 6. d5 h6 7. Bxf6 gxf6 8. fxe4 Bg6 9. dxc6 Qxd1+ 10. Rxd1 bxc6
11. Nf3 e5 12. Bd3 Bb4 13. O-O O-O-O 14. Ba6+ Kb8 15. Rxd8+ Rxd8 16. Rd1 Bc5+ 17. Kf1 Bd6 18. Nh4 Bh5 19. Rd3 Bg4 20. h3 Bh5
21. g4 Bg6 22. Nxg6 fxg6 23. Na4 Ka8 24. c4 Re8 25. c5 Bf8 26. Rd7 Kb8 27. Rd3 Ka8 28. Rb3 Rb8 29. Rd3 Be7 30. Rd7 Bd8
31. Rh7 Rb4 32. b3 Rxe4 33. Rh8 Rf4+ 34. Kg2 Rd4 35. Rxh6 Rd2+ 36. Kf3 g5 37. Nc3 Rc2 38. Ne4 Rxa2 39. Nxf6 Bxf6 40. Rxf6 Rxa6
41. Ke4 Ra3 42. Rxc6 Rxb3 43. Rxc7 Rxh3 44. Kxe5 Rf3 45. c6 Rf8 46. Ke6 a5 47. Ke7 Rb8 48. Rd7 Rc8 49. c7 Kb7 50. Kd6 a4
51. Re7 Kb6 52. Re3 Rxc7 53. Ra3 Rc4
0-1

[Event "fast and furious"]
[Site "SchemingMind.com"]
[Date "2009.01.30"]
[Round "-"]
[White "Joe Daudish"]
[Black "TONYTODD11"]
[Result "1-0"]
[WhiteCountry "USA"]
[BlackCountry "ENG"]
[WhiteElo "1720"]
[WhiteRD "45"]
[BlackElo "1542"]
[BlackRD "70"]
[GameID "189662"]

1. d4 d5 2. Nf3 c6 3. Bf4 Nf6 4. h3 g6 5. e3 Bg7 6. Bd3 Ne4 7. O-O c5 8. c3 c4 9. Bxe4 dxe4 10. Nfd2 Qd5
11. Qa4+ b5 12. Qc2 Bb7 13. b3 Nc6 14. bxc4 bxc4 15. Na3 Na5 16. Rab1 Bc6 17. Rb4 O-O 18. Rfb1 g5 19. Bg3 f5 20. Naxc4 f4
21. exf4 Nxc4 22. Nxc4 e3 23. Nxe3 Qe6 24. d5 Bxd5 25. Nxd5 Qxd5 26. Qb3 Rad8 27. Qxd5+ Rxd5 28. fxg5 Rxg5 29. Rb7 e5 30. Rxa7 e4
31. Re7 Bxc3 32. Rxe4 Rd8 33. Rg4 Rxg4 34. hxg4 Ra8 35. Rb3 Bd4 36. Rd3 Rd8 37. Kf1 Kg7 38. Be5+
1-0

[Event "fast and furious"]
[Site "SchemingMind.com"]
[Date "2009.01.29"]
[Round "-"]
[White "Phillip Beckett"]
[Black "TONYTODD11"]
[Result "0-1"]
[WhiteCountry "ENG"]
[BlackCountry "ENG"]
[WhiteElo "1646"]
[WhiteRD "61"]
[BlackElo "1542"]
[BlackRD "70"]
[GameID "189664"]

1. d4 Nf6 2. e3 d5 3. Bd3 e6 4. Nd2 c5 5. c3 c4 6. Bc2 Nc6 7. e4 b5 8. e5 Ne4 9. Nxe4 dxe4 10. Bxe4 Qb6
11. Nf3 Be7 12. O-O Bb7 13. a4 O-O 14. axb5 Na5 15. Qa4 Nb3 16. Rb1 Bxe4
0-1

[Event "fast and furious"]
[Site "SchemingMind.com"]
[Date "2009.01.30"]
[Round "-"]
[White "Door_Mouse"]
[Black "TONYTODD11"]
[Result "1-0"]
[WhiteCountry "USA"]
[BlackCountry "ENG"]
[WhiteElo "1576"]
[WhiteRD "87"]
[BlackElo "1576"]
[BlackRD "71"]
[GameID "189665"]

1. e4 e5 2. Nf3 d6 3. Bc4 Nc6 4. d4 Bg4 5. d5 Nd4 6. Nbd2 Nf6 7. Be2 c5 8. Nxd4 Qd7 9. Bxg4 Nxg4 10. N4f3 g6
11. Nc4 Qb5 12. Nfd2 h5 13. f3 Nf6 14. Qe2 Qd7 15. Nb3 b5 16. Ne3 c4 17. Na5 Rc8 18. Bd2 g5 19. O-O-O g4 20. fxg4 hxg4
21. Nf5 Nxd5 22. Qxg4 Nf6 23. Qf3 d5 24. exd5 Nxd5 25. Bc3 b4 26. Bxe5 Rg8 27. Rxd5 Qa4 28. Qe4
1-0

[Event "fast and furious"]
[Site "SchemingMind.com"]
[Date "2009.01.29"]
[Round "-"]
[White "soundso"]
[Black "TONYTODD11"]
[Result "0-1"]
[WhiteCountry "USA"]
[BlackCountry "ENG"]
[WhiteElo "1456"]
[WhiteRD "120"]
[BlackElo "1542"]
[BlackRD "70"]
[GameID "189666"]

1. Nf3 d5 2. c4 Nf6 3. d4 Ne4 4. Nc3 Bf5 5. e3 Nxc3 6. bxc3 e6 7. Bd3 Bg6 8. Qa4+ Nc6 9. Ne5 Bxd3 10. Nxd3 b5
11. Qxb5 Qd6 12. Ne5 a6 13. Qa4 a5 14. Nxc6 Qd7 15. Rb1 dxc4 16. Qxc4 Bd6 17. Nxa5 O-O 18. O-O Rxa5 19. g3 e5 20. d5 Rc5
21. Qd3 Qa4 22. a3 c6 23. dxc6 Qxc6 24. Rb4 Rxc3 25. Qb5 Rxc1 26. Rb1 Rxf1+ 27. Kxf1 Qh1+ 28. Ke2 Qxh2 29. Qb6 Qh5+ 30. f3 Bxa3
31. Qb8 e4 32. Qf4 Qh2+ 33. Kd1 Rd8+ 34. Ke1 Qg1+ 35. Ke2 Qxb1 36. fxe4 Qd1+
0-1

[Event "fast and furious"]
[Site "SchemingMind.com"]
[Date "2009.01.29"]
[Round "-"]
[White "klagefall"]
[Black "TONYTODD11"]
[Result "1-0"]
[WhiteCountry "GER"]
[BlackCountry "ENG"]
[WhiteElo "1953"]
[WhiteRD "73"]
[BlackElo "1554"]
[BlackRD "73"]
[GameID "189667"]

1. d4 d5 2. c4 Nf6 3. cxd5 Qxd5 4. Nc3 Qf5 5. f3 e6 6. e4 Qa5 7. Bc4 Bb4 8. Ne2 O-O 9. O-O Nc6 10. a3 Rd8
11. Be3 e5 12. axb4 Qxb4 13. Ra4 Qe7 14. d5 a6 15. Qe1 Nb4 16. Qf2 Bd7 17. Bc5 Qe8 18. Rxb4 a5 19. Rxb7 a4 20. Ra1 c6
21. d6 Bc8 22. Re7 Qf8 23. Rxf7 Qxf7 24. Bxf7+ Kxf7 25. Rxa4 Rb8 26. Ra7+ Bd7 27. f4 Rxb2 28. fxe5 Kg8 29. exf6 gxf6 30. Qxf6 Rf8
31. Qg5+ Kh8 32. Bd4+
1-0